| 000 | 01287cam a22003617a 4500 | ||
|---|---|---|---|
| 003 | CHAP | ||
| 005 | 20220329141509.0 | ||
| 008 | 971013s1988 it r 00010 eng d | ||
| 010 | _a69080 | ||
| 011 | _a70052 | ||
| 035 | _a79532 | ||
| 040 | _cCHAP | ||
| 082 | 1 | 0 |
_a639.2 _bF46 v.392 |
| 110 | 2 |
_aFAO. Comisión de Pesca para Océano Indico _939480 |
|
| 245 | 1 | 0 | _aReport of the session of the Committee for the Development and Management of Fisheries in the Bayo of Bengal (5o.) |
| 260 |
_aRome, _c1988 |
||
| 300 | _a42 p. | ||
| 490 | 0 |
_aFAO. Informe de pesca _v; 392 |
|
| 500 | _aEdición bilingüe (inglés, francés) | ||
| 590 |
_aBATCH-UPD _b10 _c20130110 _lUCH01 _h0637 |
||
| 590 |
_aBATCH-UPD _b10 _c20130410 _lUCH01 _h0321 |
||
| 590 |
_aBATCH-UPD _b10 _c20130914 _lUCH01 _h0100 |
||
| 590 |
_aCONVERSION _b10 _c20130109 _lUCH01 _h1338 |
||
| 650 | 1 | 4 |
_aAgua de mar _xContaminación. _92417 |
| 650 | 1 | 4 |
_aPesca _xGolfo de Bengala. _987385 |
| 650 | 1 | 4 |
_aPesca _xIndia. _987388 |
| 830 | 0 |
_aFAO. Informe de pesca _v; 392 _939587 |
|
| 901 | _aBK | ||
| 905 | _aPatricia Mendoza P. | ||
| 942 | _cLIBRO | ||
| 949 |
_a639.2 F46 v.392 _bBC _cFAO _d33724000769980 _eFAO2 _fc.2 _gDonaciØn _h76185 _i79532 _sb |
||
| 949 |
_a639.2 F46 v.392 _bBC _cFAO _d33724000769998 _eFAO1 _gDonaciØn _h76184 _i79532 _sb |
||
| 999 |
_c69080 _d69080 |
||